000 00461nam a2200181Ia 4500
001 17133
005 20260306170402.0
008 260306t2016||||xx |||||||||||||| ||und||
041 _aESP
082 _a657.46
_bG63
100 _aGómez Aguirre, Antonio
_eAUT
245 0 _aAnálisis tributario de los principales estados financieros
260 _c2016
300 _a670 páginas :
_c25 cm.
650 _aGEN
654 _aCCO
942 _cLIB
_dJUS
_fJUS
_2ddc
_n
999 _c17133
_d17133